| 000 | 00909cam a22002775a 4500 | ||
|---|---|---|---|
| 001 | 015307042 | ||
| 003 | OSt | ||
| 005 | 20180109122928.0 | ||
| 008 | 090624s2009 enka frb f001 0 eng d | ||
| 020 | _a9780199545629 | ||
| 020 | _a0199545626 | ||
| 040 |
_aStDuBDS _beng _cStDuBDS _dUk _dEG-ScBUE |
||
| 082 | 0 | 4 |
_a616.462031 _222 _bOXF |
| 245 | 0 | 0 |
_aOxford handbook of diabetes nursing / _cedited by Lorraine Avery and Sue Beckwith, Janet Sumner. |
| 246 | 3 | 0 | _aDiabetes nursing |
| 260 |
_aOxford : _bOxford University Press, _c2009. |
||
| 300 |
_axxvi, 366 p. : _bill. ; _c18 cm. |
||
| 490 | 0 | _aOxford handbooks in nursing | |
| 504 | _aIncludes bibliographical references and index. | ||
| 650 | 7 |
_aDiabetes _xNursing. _2BUEsh _912150 |
|
| 653 |
_bNNUR _cJanuary2018 |
||
| 700 | 1 |
_aAvery, Lorraine, _d1963- _eeditor. |
|
| 700 | 1 |
_aBeckwith, Sue, _eeditor. |
|
| 700 | 1 |
_aSumner, Janet, _eeditor. |
|
| 942 | _2ddc | ||
| 999 |
_c25910 _d25882 |
||